LIBRARY ONLINE CATALOGUE

Quality management for organizational excellence (Record no. 17819)

MARC details
000 -LEADER
fixed length control field 00595nam a22001817a 4500
008 - FIXED-LENGTH DATA ELEMENTS--GENERAL INFORMATION
fixed length control field 190706b xxu||||| |||| 00| 0 eng d
020 ## - INTERNATIONAL STANDARD BOOK NUMBER
International Standard Book Number 1292022337
040 ## - CATALOGING SOURCE
Original cataloging agency KABU
Transcribing agency KABU
050 ## - LIBRARY OF CONGRESS CALL NUMBER
Classification number HD62.15
Item number .G64 2014 c. 1
100 ## - MAIN ENTRY--PERSONAL NAME
Personal name Goetsch, David L.
245 ## - TITLE STATEMENT
Title Quality management for organizational excellence
Remainder of title introduction to total quality
Statement of responsibility, etc. David L. Goetsch, Stanley Davis
250 ## - EDITION STATEMENT
Edition statement 7th ed.
260 ## - PUBLICATION, DISTRIBUTION, ETC. (IMPRINT)
Place of publication, distribution, etc. Essex, England
Name of publisher, distributor, etc. Pearson Education Limited
Date of publication, distribution, etc. 2014
300 ## - PHYSICAL DESCRIPTION
Extent ii, 468 p.
650 ## - SUBJECT ADDED ENTRY--TOPICAL TERM
Source of heading or term Total quality management
700 ## - ADDED ENTRY--PERSONAL NAME
Personal name Davis, Stanley
942 ## - ADDED ENTRY ELEMENTS (KOHA)
Source of classification or shelving scheme Library of Congress Classification
Koha item type General Collection
Classification part HD62.15
Holdings
Withdrawn status Lost status Source of classification or shelving scheme Not for loan Home library Current library Date acquired Cost, normal purchase price Total Checkouts Full call number Barcode Date last seen Copy number Price effective from Koha item type
    Library of Congress Classification   Kabarak, Main Campus Kabarak, Main Campus 06/07/2019 16360.00   HD62.15 .G64 2014 c. 1 023554 02/08/2024 c. 1 06/07/2019 General Collection
    Library of Congress Classification   Kabarak, Main Campus Kabarak, Main Campus 06/07/2019 16360.00   HD62.15 .G64 2014 c. 2 023555 02/08/2024 c. 2 06/07/2019 General Collection
    Library of Congress Classification   Kabarak, Main Campus Kabarak, Main Campus 06/07/2019 16360.00   HD62.15 .G64 2014 c. 3 023556 02/08/2024 c. 3 06/07/2019 General Collection